Computer Trivia #3 - Statistics

General Stats
  • This quiz has been taken 52 times
  • The average score is 4 of 10
Answer Stats
Hint Answer % Correct
A crucial memory type, it stores the data of programs that the computer is running at any moment. As it is volatile, any data stored will be lost when power is switched off. Random access memory
84%
In cybersecurity, a system that filters inbound and outbound traffic on a computer's network Firewall
67%
The file extension given to a disk image .iso
53%
What URL stands for Uniform Resource Locator
51%
Represents a HTML or XML document as a tree structure composed of nodes (objects) and can be interacted with using JavaScript Document Object Model
43%
On Microsoft Windows, the generic name for a file consisting of a series of commands to be executed by the command line interpreter Batch
41%
A malicious program which can damage a computer without user action and spread to other networks Worm
41%
A one-line shortcut to the if-else statement Ternary operator
33%
Devices composed of transistors which operate using Boolean logic Logic gates
18%
Adjective used to describe fake or malicious antivirus software Rogue
4%
No matching quizzes found
Score Distribution
Percent of People with Each Score
Percentile by Number Answered
Your Score History
You have not taken this quiz